01438nam a2200361Ia 4500001001200000003000800012006001900020007001500039008004100054010001700095020004300112040002100155035002100176050002300197100003200220245009900252260003600351300001900387533015200406600005200558650003200610650003200642650002500674650003200699650003600731651003900767651003300806651004600839655002900885710001700914856012600931999001901057ebr10355633CaPaEBRm u cr cn|||||||||090326s2009 maub s 000 0deng d z 2009013015 z9780807000618 (hardcover : alk. paper) aCaPaEBRcCaPaEBR a(OCoLC)64783313314aDS489b.B26 2009eb1 aBarker, Adele Marie,d1946-10aNot quite paradiseh[electronic resource] :ban American sojourn in Sri Lanka /cAdele Barker. aBoston :bBeacon Press,cc2009. a303 p. :bmap. aElectronic reproduction.bPalo Alto, Calif. :cebrary,d2010.nAvailable via World Wide Web.nAccess may be limited to ebrary affiliated libraries.10aBarker, Adele Marie,d1946-xTravelzSri Lanka. 0aEthnic conflictzSri Lanka. 0aWar and societyzSri Lanka. 0aTsunamiszSri Lanka. 0aIndian Ocean Tsunami, 2004. 0aTeacherszSri LankavBiography. 0aSri LankaxDescription and travel. 0aSri LankaxEthnic relations. 0aSri LankaxHistoryyCivil War, 1983-2009. 7aElectronic books.2local2 aebrary, Inc.40uhttp://site.ebrary.com/lib/rucke/Doc?id=10355633zAn electronic book accessible through the World Wide Web; click to view c107311d107311